header

Civil society and the professions in Eastern Europe (Record no. 73443)

MARC details
000 -LEADER
fixed length control field 01456nam a22003494a 4500
082 04 - DEWEY DECIMAL CLASSIFICATION NUMBER
Classification number 302.3/5/09438
100 1# - MAIN ENTRY--AUTHOR NAME
Personal name Sokolowski, S. Wojciech.
245 10 - TITLE STATEMENT
Title Civil society and the professions in Eastern Europe
260 ## - PUBLICATION, DISTRIBUTION, ETC. (IMPRINT)
Place of publication New York :
Name of publisher Kluwer Academic/Plenum Publishers,
Year of publication c2001.
300 ## - PHYSICAL DESCRIPTION
Number of Pages xiv, 259 p. :
Other physical details ill.
490 1# - SERIES STATEMENT
Series statement Nonprofit and civil society studies
650 #0 - SUBJECT ADDED ENTRY--TOPICAL TERM
Topical Term Nonprofit organizations
Topical Term Organizational change
Topical Term Social change
Topical Term Civil society
856 40 - ELECTRONIC LOCATION AND ACCESS
Uniform Resource Identifier http://site.ebrary.com/lib/rucke/Doc?id=10047023

No items available.

© 2026 Rongo University
Contact us: librarian | system librarian | Rongo university